000 00799nam a2200217 i 4500
001 187472
003 SpMaBN
005 20230906222933.0
008 170707s1982 cu a |||| | spa d
080 _a39(=97:729.1)(0:74)
080 _a74 García, Modesto
100 1 _aCardoso, Onelio Jorge.
_935204
245 1 4 _aLos indocubanos /
_ctextos de Onelio Jorge Cardoso ; ilustraciones de Modesto García.
260 _aLa Habana :
_bGente Nueva,
_c[1982]
300 _a110 p. :
_bprincipalmente il. ;
_c22 x 28 cm.
594 _aBasado en el guión cinematográfico y las il. del documental Los indocubanos, 1962.
599 _aDibujos a plumilla.
650 7 _aIndios de Cuba-
_xUsos y costumbres.
_9163396
700 1 _aGarcía, Modesto.
_954083
852 _aES-MaACL
_jL-31797
_z- enc. cart.
999 _c187472
_d187472